000 01043nam a22002417a 4500
008 110912t xxu||||| |||| 00| 0 ara d
082 _222
_a523.8
_bج ا ب
100 1 _927111
_aجابوشكين ، سيسليابين
245 _aمع النجوم فى تطورها /
_cسيسليابين جابوشكين ؛ ترجمة صلاح الدين حامد ؛ مراجعة أحمد حامد
260 _aالقاهرة :
_bمركز كتب الشرق الاوسط ،
_c[د . ت].
300 _a277 ص :
_bايض ؛
_c24 سم.
490 0 _914984
_aالألف كتاب ؛
_n180
504 _aبشتمل على إرجاعات ببليوجرافية 271 - 277
650 0 _98154
_aالنجوم
650 0 _915148
_aالفلك
653 _bGeneral
_cSeptember2011
700 1 _927114
_aحامد ، صلاح الدين
_eترجمة
700 1 _927116
_aحماد ، أحمد
_eمراجعة
942 _2ddc
_cBB
_hRDA-MOD
999 _c15995
_d15995
336 _2rdacontent
_aنص
_btxt
337 _aبدون وسيط
_2rdamedia
_bn
338 _aمجلد
_bnc
_2rdacarrier